Manual on community immersion and integration / (Record no. 294)

MARC details
000 -LEADER
fixed length control field 00775nam a22002537a 4500
003 - CONTROL NUMBER IDENTIFIER
control field OSt
005 - DATE AND TIME OF LATEST TRANSACTION
control field 20240606065132.0
008 - FIXED-LENGTH DATA ELEMENTS--GENERAL INFORMATION
fixed length control field 240606b |||||||| |||| 00| 0 eng d
020 ## - INTERNATIONAL STANDARD BOOK NUMBER
International Standard Book Number 9716856415
040 ## - CATALOGING SOURCE
Original cataloging agency DWCL-Main lib.
Transcribing agency OC
082 ## - DEWEY DECIMAL CLASSIFICATION NUMBER
Edition number Revised edition
Classification number Fil 371.19 C822m 2003
006 - FIXED-LENGTH DATA ELEMENTS--ADDITIONAL MATERIAL CHARACTERISTICS
fixed length control field a
100 ## - MAIN ENTRY--PERSONAL NAME
Personal name CORPUZ , BRENDA B
245 ## - TITLE STATEMENT
Title Manual on community immersion and integration /
250 ## - EDITION STATEMENT
Edition statement Revised edition
260 ## - PUBLICATION, DISTRIBUTION, ETC.
Place of publication, distribution, etc. Q.C. :
Name of publisher, distributor, etc. Lorimar Publishing,
Date of publication, distribution, etc. c2003.
300 ## - PHYSICAL DESCRIPTION
Other physical details 104 p. ;
Dimensions 25 cm.
504 ## - BIBLIOGRAPHY, ETC. NOTE
Bibliography, etc. note Includes appendix.
650 ## - SUBJECT ADDED ENTRY--TOPICAL TERM
Topical term or geographic name entry element 1. Community-school relations.
650 ## - SUBJECT ADDED ENTRY--TOPICAL TERM
Topical term or geographic name entry element 2. Community-school partnerships.
650 ## - SUBJECT ADDED ENTRY--TOPICAL TERM
Topical term or geographic name entry element 3. Community immersion–Education.
700 ## - ADDED ENTRY--PERSONAL NAME
Personal name BRENDA B. CORPUZ
942 ## - ADDED ENTRY ELEMENTS (KOHA)
Source of classification or shelving scheme Dewey Decimal Classification
Suppress in OPAC No
Koha item type Book-Filipiniana
Edition Revised edition
Call number prefix Fil.
Holdings
Withdrawn status Lost status Source of classification or shelving scheme Damaged status Not for loan Home library Current library Shelving location Date acquired Source of acquisition Total Checkouts Full call number Barcode Date last seen Copy number Price effective from Koha item type Uniform Resource Identifier Cost, normal purchase price
    Dewey Decimal Classification     College Library College Library Filipiniana 12/13/2004 School Fund   Fil. 371.19 C822m 2003 41556 06/06/2024 c1 06/06/2024 Book-Filipiniana  
    Dewey Decimal Classification     College Library College Library Filipiniana 12/13/2004 School Fund   Fil. 371.19 C822m 2003 41557 06/06/2024 c2 06/06/2024 Book-Filipiniana  
    Dewey Decimal Classification     College Library College Library Filipiniana 06/28/2005 School Fund   Fil. 371.19 C822m 2003 42044 06/06/2024 c3 06/06/2024 Book-Filipiniana 100.00
    Dewey Decimal Classification     College Library College Library Filipiniana 06/28/2005 School Fund   Fil. 371.19 C822m 2003 42045 06/06/2024 c4 06/06/2024 Book-Filipiniana 100.00
    Dewey Decimal Classification     College Library College Library Filipiniana 06/28/2005 School Fund   Fil. 371.19 C822m 2003 42046 06/06/2024 c5 06/06/2024 Book-Filipiniana 100.00
    Dewey Decimal Classification     College Library College Library Filipiniana 10/31/2013 School Fund   Fil. 371.19 C822m 2003 50363 06/06/2024 c6 06/06/2024 Book-Filipiniana